000 02296nam a22004217a 4500
003 BO-EaUP
005 20260504173909.0
008 260504b2023 ck |||||r|||| 00| 0 spasd
020 _a978-958-503-567-6
040 _aBO-EaUP
_cBiblioadmiempresas
_eRDA
_bspa
041 _aspa
_hspa
043 _as-ck
082 _221
_a658.5
092 _a658.5
_eLOGÍSTICA
_SM8271g.3
100 _aMora García, Luís Anibal
_eAutor
_955
_d1963-
245 1 0 _aGestión Logística Integral :
_blas mejores prácticas en la cadena de abastecimiento /
_cLuís Mora G.
250 _aTercera edición
260 _aBogotá :
_bEcoe Ediciones,
_c2023
300 _axxviii, 136 páginas ;
_bIlustraciones (blanco y negro), tablas, gráficos ; Tapa blanda ;
_c17 x 24 centímetros ;
_fimpreso
336 _2rdacontent
_atexto
_btxt
337 _2rdamedia
_ano mediado
_bn
338 _2rdacarrier
_avolumen
_bnc
505 2 _aCapítulo 1. Gerencia de la Cadena de Abastecimientos.-
505 2 _aCapítulo 2. Los macroprocesos en la gestión logística.-
505 2 _aCapítulo 3. Costos e indicadores de la gestión logística.-
505 2 _aCapítulo 4. Tendencias y Proyecciones de la logística integral.-
505 2 _aCapítulo 5. Cadenas de abastecimientos 4.0 (industria y Logística 4.0)
520 _aEsta obra describe el campo de la logística a través de sus macroprocesos, costos, indicadores, tendencias y proyecciones. Con apoyo de material visual y estadísticas, presenta las mejores prácticas y aplicaciones en la gestión logística incluyendo todos sus procesos operativos y tendencias del mercado. Esta tercera edición se enfoca en la Industria y Logística 4.0 en lo relacionado con la tecnificación y digitalización de la cadena de abastecimientos.
521 _aDirigido a estudiantes, tecnólogos y profesionales de logística e involucrados en la cadena y procesos de abastecimiento, almacenamiento, transporte, distribución y servicio al cliente.
650 _aLOGÍSTICA EMPRESARIAL
_9195
650 _aOPERACIONES Y PROYECTOS
_95926
653 _aADMINISTRACIÓN DE MATERIALES
653 _aINDICADORES DE GESTIÓN
653 _aGESTIÓN DE ALMACENES
653 _aGESTIÓN UBDUSTRIAL
653 _aORGANIZACIÓN INDUSTRIAL
942 _2ddc
_cBK
_n0
_e21
999 _c5512
_d5512